000 00278nam a2200109Ia 4500
008 230907s9999||||xx |||||||||||||| ||und||
082 _a623.7469
_bCIN
245 0 _aDIY drones for the evil genius :
260 _aMcGraw-Hill,
_bNew York :
_c2017
300 _a156 p.
942 _cBK
999 _c600939
_d600939